WWE Multiple All-Time Royal Rumble Participants Quiz Stats

 Plays Quiz not verified by Sporcle

Challenge
Share
Tweet
Embed
Score 0/203 Timer 15:00
0 Plays Today
# of Rumbles Wrestler % Correct
19Kane (Isaac Yankem, Fake Diesel)
97.9%
9Triple H (Hunter Hearst Helmsley)
95.8%
12Shawn Michaels
95.2%
11The Undertaker
95%
8John Cena
92.7%
6Edge
92.6%
4The Rock (Rocky Maivia)
91.2%
12The Big Show
90.3%
10Randy Orton
90.3%
11Chris Jericho
90.1%
5Ric Flair
89.9%
5Christian
89.9%
6Stone Cold Steve Austin
89.7%
13Goldust
89.2%
8Matt Hardy
88.3%
4Jeff Hardy
88.3%
5Roman Reigns
88.1%
8Cody Rhodes (Stardust)
87.8%
4Hulk Hogan
87.8%
5Bret Hart
87.6%
4Chris Benoit
86.9%
2Seth Rollins
86.6%
3Brock Lesnar
86.2%
5Mick Foley (Mankind, Cactus Jack, Dude Love)
86%
7Owen Hart
85.8%
6CM Punk
85.8%
5Batista
85.8%
2Goldberg
85.8%
11The Miz
85%
9Rey Mysterio
84.6%
2Eddie Guerrero
84.6%
11Kofi Kingston
84.4%
6Bradshaw (JBL)
84.1%
5Bray Wyatt
84.1%
10Mark Henry
83.7%
4Dean Ambrose
83.7%
11Dolph Ziggler
83.2%
5Chavo Guerrero
83.2%
7Billy Gunn
82.7%
4Diesel (Kevin Nash)
82.5%
7Sheamus
82.3%
8Booker T
81.8%
4Kurt Angle
81.8%
4Ted DiBiase
81.6%
3Ted DiBiase, Jr.
81.4%
10Rikishi (Fatu, The Sultan)
81.1%
3Braun Strowman
80.5%
2Erick Rowan
80.2%
3Bart Gunn
78.8%
6Randy Savage
77.7%
3Alberto Del Rio
77.7%
5Big E Langston
77.5%
6Rob Van Dam
77.3%
4Luke Harper
77.3%
4Daniel Bryan
77.2%
2Ax
77.2%
5Jim Duggan
77%
8The Godfather (Papa Shango, Kama Mustafa)
76.8%
3X-Pac (1-2-3 Kid)
76.6%
9Viscera (Mabel, Big Daddy V)
76.5%
9The Great Khali
76.5%
3Xavier Woods
76.1%
6The British Bulldog (Davey Boy Smith)
75.9%
2The Ultimate Warrior
75.9%
3Sami Zayn
75.7%
5Ron Simmons (Faarooq)
75.6%
5Mr. Perfect
75%
4Wade Barrett
75%
# of Rumbles Wrestler % Correct
5The Big Boss Man
74.5%
2Chyna
74.3%
4Jerry Lawler
73.8%
6John Morrison (Johnny Nitro)
73.3%
4Heath Slater
73.3%
9Shelton Benjamin
73.1%
5Test
73.1%
2Yokozuna
73.1%
5Smash (Repo Man)
72.9%
5Alexander Rusev
72.7%
7Hardcore Holly (Bob Holly, Sparky Plugg)
72.2%
3Roddy Piper
71.7%
2Mo
71.7%
7Jake Roberts
71.3%
6Tensai (Albert, A-Train)
71.3%
2Crash Holly
71%
4Road Dogg (Jesse James)
70.3%
3Rhyno
70.1%
2Kevin Owens
69.8%
8R-Truth (K-Kwik)
69.7%
3D'Lo Brown
69.6%
4Crush
68.8%
4Ryback
68.7%
6Jack Swagger
68.1%
2Animal
67.6%
5Santino Marella
67.4%
2André the Giant
67.3%
5Carlito
66.9%
4Earthquake (Golga)
66.2%
2Lex Luger
66.2%
3William Regal
66%
2Jey Uso
66%
5Antonio Cesaro
65.5%
3Finlay
65.5%
7Rick Martel
65.3%
3MVP
64.8%
3Vader
64.8%
3Jim Neidhart
64.6%
4Jimmy Snuka
64.2%
4Scotty 2 Hotty
64.2%
2Umaga (Jamal)
64.2%
3Tommy Dreamer
64.1%
2Scott Steiner
63.9%
6Tito Santana
63.7%
4Val Venis
63.4%
2Bad News Brown
62.8%
4Haku
61.9%
3Charlie Haas
61.6%
2Justin Gabriel
61.1%
5Bob Backlund
60.9%
2Bobby Lashley
60.5%
4Al Snow
60.4%
2Diamond Dallas Page
60.2%
2Ken Shamrock
60%
2Typhoon (Tugboat)
59.3%
2Terry Funk
58.9%
5The Hurricane
58.8%
4The Honky Tonk Man
58.8%
3Jeff Jarrett
58.8%
5Titus O'Neil
58.8%
2Grand Master Sexay
58.8%
4Curtis Axel
58.4%
4Greg Valentine
58.2%
4Marty Jannetty
57.7%
4Tatanka
57.3%
4Zack Ryder
57%
4The Warlord
56.8%
2Tyson Kidd
56.8%
# of Rumbles Wrestler % Correct
2Perry Saturn
55.9%
2Mideon (Phineas I. Godwinn)
55.6%
2Irwin R. Schyster
55.4%
4Steve Blackman
55%
4The Barbarian
54.9%
3Akeem (One Man Gang)
54.3%
3Drew McIntyre
54%
3Bushwhacker Luke
53.8%
2Tajiri
53.8%
3David Otunga
53.6%
4Henry O. Godwinn
52.2%
3Bushwhacker Butch
52.2%
2Ahmed Johnson
51.9%
2Primo
51.2%
4Chris Masters
49.7%
3Virgil
49.7%
3Damien Sandow
49.4%
2Bo Dallas
48.8%
2Ezekiel Jackson
48.5%
3Hunico (Sin Cara)
48.1%
2Maven
47.8%
3Baron Corbin
47.8%
2Headbanger Mosh
47.6%
2Samu
47.3%
2Nikolai Volkoff
46.9%
3Fandango
46.4%
5Savio Vega (Kwang)
46%
2Vladimir Kozlov
46%
2Chuck Palumbo
45.7%
3Hornswoggle
45.5%
2Bull Buchanan
45.5%
4Hercules
45.3%
2Gangrel
45%
2Doink the Clown
44.8%
2Brian Knobbs
44.6%
2Marc Mero
44.2%
2Beth Phoenix
44.2%
2Jerry Sags
43.7%
3Jinder Mahal
43.2%
3Dino Bravo
42.8%
2Don Harris (Eli Blu, Skull)
42.8%
2Snitsky
41.4%
3Terry Taylor (The Red Rooster)
41.1%
3Koko B. Ware
40.4%
2The Texas Tornado (Kerry Von Erich)
40.4%
3JTG
39.8%
2The Berzerker
39.5%
2Yoshi Tatsu
39.3%
2Aldo Montoya
38.6%
2Tyler Breeze
37.2%
2René Dupree
37%
2Adam Bomb
36.8%
2Kurrgan
35.6%
2Orlando Jordan
34.2%
2Skinner
34%
2Simon Dean
33.3%
2Genichiro Tenryu
33.3%
2Alex Riley
31.3%
2Ron Bass
31%
2Duke Droese
30.6%
3Apollo Crews
29.9%
2Jonathan Coachman
29.6%
2Elias
27.9%
2Super Crazy
26.4%
2Mojo Rawley
23.3%
2Tye Dillinger
23.3%
2Big Cass
18.6%

You're not logged in!

Compare scores with friends on all Sporcle quizzes.
OR
Log In

You Might Also Like...

Show Comments

Extras

Top Quizzes Today


Score Distribution

Your Account Isn't Verified!

In order to create a playlist on Sporcle, you need to verify the email address you used during registration. Go to your Sporcle Settings to finish the process.

Report this User

Report this user for behavior that violates our Community Guidelines.

Details: